[Event "Teresina-ch"]
[Site "Teresina"]
[Date "2024.03.09"]
[Round "4"]
[White "Meneses, Lourenco Teixeira D"]
[Black "Veloso, Henrique Barbosa"]
[Result "0-1"]
[WhiteElo "1956"]
[BlackElo "1971"]
[PlyCount "78"]
[EventDate "2024.03.07"]
[EventType "swiss"]
[EventRounds "6"]
[EventCountry "BRA"]
[SourceTitle "CBM 219 Extra"]
[Source "ChessBase"]
[SourceDate "2024.05.31"]
[SourceVersion "1"]
[SourceVersionDate "2024.05.31"]
[SourceQuality "1"]

1. d4 Nf6 2. c4 e6 3. Nc3 Bb4 4. e3 0-0 5. Nge2 Re8 6. a3 Bf8 7. Nf4 d5 8. b4 a5 9. b5 b6 10. cxd5 exd5 11. Qb3 Bb7 12. Be2 Bd6 13. 0-0 Bxf4 14. exf4 Nbd7 15. Bf3 Nf8 16. f5 Qd7 17. Bf4 Rac8 18. g4 Ne4 19. Rad1 h6 20. h3 Nxc3 21. Qxc3 Qxb5 22. g5 hxg5 23. Bxg5 Nh7 24. Bh4 Qc6 25. Qd2 Qh6 26. Qxh6 gxh6 27. Rfe1 Ng5 28. Bg2 Rxe1+ 29. Rxe1 c5 30. Rc1 cxd4 31. Rxc8+ Bxc8 32. Bxd5 Bxf5 33. f4 Nxh3+ 34. Kf1 Nxf4 35. Bc4 d3 36. Bg3 d2 37. Bb3 Bd3+ 38. Kf2 Nd5 39. Be5 b5 0-1

[Event "Piaui-ch sf1"]
[Site "Teresina"]
[Date "2022.04.10"]
[Round "5"]
[White "Campos, Claudio Braga"]
[Black "Meneses, Lourenco Teixeira D"]
[Result "1-0"]
[WhiteElo "1839"]
[BlackElo "1961"]
[PlyCount "90"]
[EventDate "2022.04.08"]
[EventType "swiss"]
[EventRounds "5"]
[EventCountry "BRA"]
[SourceTitle "EXT 2023"]
[Source "ChessBase"]
[SourceDate "2022.10.05"]
[SourceVersion "1"]
[SourceVersionDate "2022.10.05"]
[SourceQuality "1"]

1. d4 d5 2. Nc3 Nf6 3. Bg5 Nbd7 4. f3 h6 5. Bh4 e6 6. Qd3 Be7 7. 0-0-0 b6 8. e4 Bb7 9. e5 Nh7 10. Bxe7 Qxe7 11. Kb1 a6 12. f4 c5 13. Qg3 g6 14. h4 0-0-0 15. dxc5 Nxc5 16. Nge2 h5 17. Nd4 Qc7 18. Be2 Kb8 19. Qf2 Nf8 20. Rhg1 Nfd7 21. Rc1 b5 22. a3 Nb6 23. Rgd1 Rd7 24. Nb3 Rc8 25. Qd4 Rdd8 26. Na5 Ba8 27. Nb3 Ncd7 28. g3 Nc4 29. Ka2 Ndb6 30. Rd3 Rd7 31. g4 hxg4 32. Bxg4 Bb7 33. h5 g5 34. f5 Nxe5 35. fxe6 Nxd3 36. cxd3 Re7 37. Nxb5 Qd8 38. Rxc8+ Bxc8 39. Qe5+ Ka8 40. N5d4 fxe6 41. Qxg5 Re8 42. Qe5 Nd7 43. Qh2 Nf6 44. Bf3 e5 45. Nc6 Qc7 1-0

[Event "Piaui-ch sf1"]
[Site "Teresina"]
[Date "2022.04.08"]
[Round "1"]
[White "Do Nascimento, Joao Batista"]
[Black "Meneses, Lourenco Teixeira D"]
[Result "0-1"]
[WhiteElo "1491"]
[BlackElo "1961"]
[PlyCount "74"]
[EventDate "2022.04.08"]
[EventType "swiss"]
[EventRounds "5"]
[EventCountry "BRA"]
[SourceTitle "EXT 2023"]
[Source "ChessBase"]
[SourceDate "2022.10.05"]
[SourceVersion "1"]
[SourceVersionDate "2022.10.05"]
[SourceQuality "1"]

1. d4 d5 2. Nf3 Nf6 3. Bf4 c5 4. c3 Qb6 5. Qb3 c4 6. Qxb6 axb6 7. Bxb8 Rxb8 8. Ne5 Nd7 9. e4 e6 10. b3 b5 11. Be2 Nb6 12. Nd2 Bd6 13. 0-0 f6 14. Nef3 Kf7 15. e5 Bc7 16. Rfe1 Bd7 17. Bd1 Ra8 18. Re3 Ra3 19. Nb1 Ra6 20. Nh4 Rha8 21. a3 cxb3 22. Bxb3 Nc4 23. Bxc4 bxc4 24. f4 f5 25. Rh3 Bd8 26. Nf3 h6 27. Nfd2 Be7 28. Nf1 Bxa3 29. Ng3 Bc1 30. Rxa6 Rxa6 31. Nh5 Ra1 32. Rg3 g6 33. Nf6 Bc6 34. h4 Rxb1 35. Kf2 Bxf4 36. Rh3 h5 37. g3 Bd2 0-1

[Event "Teresina Piauiense-ch"]
[Site "Teresina"]
[Date "2019.10.19"]
[Round "5"]
[White "Carvalho, Lazaro Miranda"]
[Black "Meneses, Lourenco Teixeira D"]
[Result "1/2-1/2"]
[WhiteElo "1991"]
[BlackElo "1994"]
[PlyCount "146"]
[EventDate "2019.10.11"]
[EventType "tourn"]
[EventRounds "9"]
[EventCountry "BRA"]
[SourceTitle "CBM 192 Extra"]
[Source "Chessbase"]
[SourceDate "2019.11.06"]
[SourceVersion "1"]
[SourceVersionDate "2019.11.06"]
[SourceQuality "1"]

1. d4 d5 2. c4 c6 3. Nc3 Nf6 4. Nf3 e6 5. e3 Nbd7 6. Qc2 Bd6 7. Bd3 0-0 8. 0-0 b6 9. Re1 Bb7 10. e4 dxc4 11. Bxc4 e5 12. Bg5 h6 13. Bh4 Qc7 14. Bg3 Nh5 15. Rad1 Nxg3 16. hxg3 exd4 17. Nxd4 Ne5 18. Bb3 Rad8 19. Qe2 Bc8 20. Nf5 Bc5 21. Ne3 Rxd1 22. Rxd1 Rd8 23. Rxd8+ Qxd8 24. Bc2 Qd4 25. Nf5 Qd8 26. a3 Be6 27. b4 Bc4 28. Qd1 Qxd1+ 29. Nxd1 Bf8 30. Nde3 g6 31. f4 gxf5 32. fxe5 Ba6 33. exf5 c5 34. Nd5 cxb4 35. Nxb4 Bc5+ 36. Kh2 Bb7 37. Bb3 a5 38. Nc2 b5 39. g4 Be4 40. a4 Bc6 41. axb5 Bxb5 42. e6 fxe6 43. fxe6 a4 44. Bd5 Kg7 45. Be4 Kf6 46. Bd5 Be2 47. Bc6 a3 48. Nxa3 Bxa3 49. Bf3 Bc4 50. Kh1 Bxe6 51. Kh2 Kg5 52. Kg3 Bd6+ 53. Kf2 Kh4 54. Kg1 Kg3 55. Kh1 Bc5 56. Ba8 Bxg4 57. Bb7 h5 58. Ba8 h4 59. Bb7 Bd6 60. Ba8 Bf5 61. Bb7 Kf4 62. Bc6 Be4 63. Bxe4 Kxe4 64. Kg1 Kf4 65. Kh2 Ke3+ 66. Kg1 Bb4 67. Kh1 Bc5 68. Kg1 Ke2+ 69. Kh2 Kf2 70. Kh3 Be7 71. Kh2 Bd6+ 72. Kh1 Bf4 73. g4 hxg3 1/2-1/2

[Event "Teresina op 7th"]
[Site "Teresina"]
[Date "2019.08.02"]
[Round "1"]
[White "Meneses, Lourenco Teixeira D"]
[Black "Da Silva, Rubens Oliveira"]
[Result "1-0"]
[WhiteElo "1992"]
[BlackElo "1865"]
[PlyCount "84"]
[EventDate "2019.08.02"]
[EventType "swiss"]
[EventRounds "6"]
[EventCountry "BRA"]
[SourceTitle "EXT 2020"]
[Source "ChessBase"]
[SourceDate "2019.10.17"]
[SourceVersion "1"]
[SourceVersionDate "2019.10.17"]
[SourceQuality "1"]

1. d4 d5 2. Bf4 Nf6 3. e3 e6 4. c4 Bb4+ 5. Nc3 Ne4 6. Qb3 Bxc3+ 7. bxc3 0-0 8. Nf3 g6 9. Bd3 dxc4 10. Qxc4 Qd5 11. Qb4 a5 12. Qb2 Nd6 13. Qc2 h6 14. c4 Nxc4 15. Bxc4 Qh5 16. 0-0 Nd7 17. a4 Nb6 18. Ne5 Nxc4 19. Qxc4 f6 20. Nd3 g5 21. Bxc7 Qg6 22. Nc5 Qf7 23. Bb6 Kg7 24. Rab1 Re8 25. Ne4 Qd7 26. Rfc1 Qd5 27. Qd3 f5 28. Ng3 Rf8 29. Rc5 Qd7 30. Qc3 Kg6 31. Rxa5 Rxa5 32. Qxa5 h5 33. Qe5 h4 34. Ne2 Rf7 35. f4 g4 36. Nc3 Qe8 37. a5 Qg8 38. Na4 Rd7 39. Nc5 Rd5 40. Qc7 g3 41. h3 Qh8 42. Nd3 Rd7 1-0

[Event "Teresina-ch"]
[Site "Teresina"]
[Date "2019.03.17"]
[Round "4.1"]
[White "Meneses, Lourenco Teixeira D"]
[Black "Monteiro, Luis Felipe Furtado"]
[Result "0-1"]
[WhiteElo "1988"]
[BlackElo "1977"]
[PlyCount "60"]
[EventDate "2019.03.15"]
[EventType "swiss"]
[EventRounds "5"]
[EventCountry "BRA"]
[SourceTitle "EXT 2022"]
[Source "ChessBase"]
[SourceDate "2021.10.06"]
[SourceVersion "1"]
[SourceVersionDate "2021.10.06"]
[SourceQuality "1"]

1. d4 Nf6 2. Bg5 d5 3. Nd2 Nbd7 4. Ngf3 g6 5. e3 Bg7 6. h3 c5 7. c3 0-0 8. Be2 Re8 9. 0-0 e5 10. dxe5 Nxe5 11. Nxe5 Rxe5 12. Nf3 Re7 13. Qa4 Qb6 14. Qh4 h6 15. Bxh6 Qxb2 16. Bxg7 Kxg7 17. Rfe1 Bf5 18. c4 d4 19. Bf1 Rh8 20. Qg5 Ne4 21. Re2 Qxe2 22. Bxe2 Nxg5 23. Nxg5 dxe3 24. fxe3 Rxe3 25. Kf2 Rhe8 26. Bf1 Bd3 27. Rd1 Bxf1 28. Kxf1 Re2 29. a4 R8e7 30. a5 Ra2 0-1

[Event "Piaui-ch final"]
[Site "Teresina"]
[Date "2018.10.19"]
[Round "6"]
[White "Meneses, Lourenco Teixeira D"]
[Black "Silva, Ronnyel Carlos Cunh"]
[Result "1-0"]
[WhiteElo "1966"]
[BlackElo "1785"]
[PlyCount "69"]
[EventDate "2018.10.11"]
[EventType "tourn"]
[EventRounds "9"]
[EventCountry "BRA"]
[SourceTitle "CBM 187 Extra"]
[Source "ChessBase"]
[SourceDate "2018.11.04"]
[SourceVersion "1"]
[SourceVersionDate "2018.11.04"]
[SourceQuality "1"]

1. d4 d5 2. Bf4 Nf6 3. e3 e6 4. Bd3 c5 5. c3 Nc6 6. Nd2 cxd4 7. exd4 Bd6 8. Bg5 Be7 9. Ngf3 0-0 10. 0-0 a6 11. Qe2 h6 12. Bh4 Nh5 13. Bxe7 Qxe7 14. Qe3 Nf6 15. Rae1 b5 16. Ne5 Nxe5 17. dxe5 Nd7 18. Nb3 Bb7 19. f4 Rac8 20. Nd4 Nc5 21. f5 Qg5 22. Qe2 Nxd3 23. Qxd3 exf5 24. Rxf5 Qh4 25. g3 Qg4 26. a3 g6 27. Rf4 Qg5 28. Nf3 Qe7 29. Rf6 Rc6 30. Qd4 Rc4 31. Qd2 Kh7 32. Nd4 Rc7 33. Nf5 gxf5 34. Qxh6+ Kg8 35. Qg5+ 1-0

[Event "Teresina-ch"]
[Site "Teresina"]
[Date "2018.03.18"]
[Round "4.5"]
[White "Luz, Christian Oliveira"]
[Black "Meneses, Lourenco Teixeira D"]
[Result "0-1"]
[WhiteElo "1233"]
[BlackElo "1948"]
[PlyCount "31"]
[EventDate "2018.03.15"]
[EventType "swiss"]
[EventRounds "5"]
[EventCountry "BRA"]
[SourceTitle "EXT 2022"]
[Source "ChessBase"]
[SourceDate "2021.10.06"]
[SourceVersion "1"]
[SourceVersionDate "2021.10.06"]
[SourceQuality "1"]

1. d4 d5 2. c4 Nc6 3. Nf3 Bg4 4. Nc3 e6 5. e3 Nf6 6. Be2 Be7 7. cxd5 exd5 8. 0-0 0-0 9. b4 Bxb4 10. Bb2 Re8 11. a3 Bd6 12. Nb5 Bf8 13. Re1 a6 14. Nc3 Ne4 15. Nxe4 dxe4 16. Ne5 0-1

[Event "Piaui-ch"]
[Site "Teresina"]
[Date "2017.10.22"]
[Round "9"]
[White "Ribeiro, Yuri Alisson Cavalc"]
[Black "Meneses, Lourenco Teixeira D"]
[Result "0-1"]
[WhiteElo "1621"]
[BlackElo "1972"]
[PlyCount "72"]
[EventDate "2017.10.12"]
[EventType "tourn"]
[EventRounds "9"]
[EventCountry "BRA"]
[SourceTitle "CBM 181 Extra"]
[Source "ChessBase"]
[SourceDate "2017.12.12"]
[SourceVersion "1"]
[SourceVersionDate "2017.12.12"]
[SourceQuality "1"]

1. Nf3 d5 2. b3 c5 3. Bb2 Nc6 4. e3 a6 5. Be2 Bg4 6. 0-0 e6 7. d4 Nf6 8. Nbd2 Bd6 9. dxc5 Bxc5 10. Rc1 0-0 11. c4 Ba7 12. Qc2 Rc8 13. Qb1 d4 14. exd4 Nxd4 15. Bd1 Qd6 16. Bxd4 Bxd4 17. Ne4 Nxe4 18. Qxe4 Bxf3 19. Bxf3 b6 20. Rcd1 Rfd8 21. Qh4 Rc7 22. Rfe1 Rcd7 23. Re4 Qc5 24. Ree1 g6 25. Qg3 Qa3 26. Rd2 Qb4 27. Rde2 Bc3 28. Rf1 Rd2 29. Qc7 Bf6 30. Rxd2 Rxd2 31. Qc8+ Kg7 32. Qxa6 Bd4 33. Qa4 Qc3 34. Kh1 Rxf2 35. Rd1 Rxf3 36. Qd7 Qd3 0-1

[Event "Piaui-ch"]
[Site "Teresina"]
[Date "2017.10.20"]
[Round "7"]
[White "Amorim, Gidelson Ferreira"]
[Black "Meneses, Lourenco Teixeira D"]
[Result "1-0"]
[WhiteElo "2006"]
[BlackElo "1972"]
[PlyCount "59"]
[EventDate "2017.10.12"]
[EventType "tourn"]
[EventRounds "9"]
[EventCountry "BRA"]
[SourceTitle "CBM 181 Extra"]
[Source "ChessBase"]
[SourceDate "2017.12.12"]
[SourceVersion "1"]
[SourceVersionDate "2017.12.12"]
[SourceQuality "1"]

1. Nf3 d5 2. c4 c6 3. g3 Nf6 4. b3 e6 5. Bg2 Be7 6. 0-0 0-0 7. Bb2 Nbd7 8. d3 Ng4 9. h3 Bf6 10. Nc3 Nge5 11. Nh2 Rb8 12. Qd2 b5 13. cxd5 cxd5 14. Rac1 Bg5 15. f4 Bh6 16. e3 f5 17. fxe5 d4 18. Nd1 dxe3 19. Nxe3 Qg5 20. Rce1 Qxg3 21. Qf2 Qg6 22. Kh1 Nc5 23. Nxf5 Rxf5 24. Qxc5 Qg3 25. Rxf5 exf5 26. Bd5+ Be6 27. Bxe6+ Kh8 28. Qg1 Qxd3 29. Bf7 Qxh3 30. e6 1-0

[Event "Piaui-ch"]
[Site "Teresina"]
[Date "2016.12.17"]
[Round "9"]
[White "Ribeiro, Yuri Alisson Cavalc"]
[Black "Meneses, Lourenco Teixeira D"]
[Result "0-1"]
[WhiteElo "1530"]
[BlackElo "1956"]
[PlyCount "90"]
[EventDate "2016.11.25"]
[EventType "tourn"]
[EventRounds "9"]
[EventCountry "BRA"]
[SourceTitle "EXT 2018"]
[Source "ChessBase"]
[SourceDate "2017.10.13"]
[SourceVersion "1"]
[SourceVersionDate "2017.10.13"]
[SourceQuality "1"]

1. Nf3 Nf6 2. g3 b6 3. Bg2 Bb7 4. 0-0 c5 5. b3 e6 6. Bb2 Be7 7. c4 0-0 8. d3 d5 9. Nbd2 Nc6 10. d4 Rc8 11. e3 Re8 12. Rc1 Nb4 13. Ne5 a5 14. a3 Na6 15. Ndf3 Ne4 16. Qc2 f6 17. Nd3 Bd6 18. Rfd1 Qe7 19. dxc5 Naxc5 20. Nxc5 Bxc5 21. a4 Nd6 22. Nd2 dxc4 23. bxc4 Bxg2 24. Kxg2 Qb7+ 25. Kg1 Qc6 26. Qb3 Red8 27. Bd4 Rd7 28. Bxc5 bxc5 29. Qc2 Rb8 30. Rb1 Rb4 31. Rxb4 cxb4 32. Qb3 Nxc4 33. Nxc4 Rxd1+ 34. Qxd1 Qxc4 35. Qd8+ Kf7 36. Qxa5 b3 37. Qh5+ Kf8 38. Qxh7 Qxa4 39. Qh5 Kg8 40. Qd1 Qb5 41. Qc1 b2 42. Qc8+ Kh7 43. Qc2+ f5 44. Qb1 Qb3 45. e4 Qc3 0-1

[Event "Piaui-ch"]
[Site "Teresina"]
[Date "2016.12.04"]
[Round "6"]
[White "Meneses, Lourenco Teixeira D"]
[Black "Silva Sobrinho, Agostinho Jose"]
[Result "1-0"]
[WhiteElo "1956"]
[BlackElo "2167"]
[PlyCount "79"]
[EventDate "2016.11.25"]
[EventType "tourn"]
[EventRounds "9"]
[EventCountry "BRA"]
[SourceTitle "EXT 2018"]
[Source "ChessBase"]
[SourceDate "2017.10.13"]
[SourceVersion "1"]
[SourceVersionDate "2017.10.13"]
[SourceQuality "1"]

1. d4 Nf6 2. Bg5 e6 3. e4 Be7 4. Nd2 c5 5. e5 Nd5 6. Bxe7 Qxe7 7. Nc4 0-0 8. Nd6 Nc6 9. c4 Nc7 10. f4 cxd4 11. Nf3 f6 12. Nxd4 fxe5 13. Nxc6 dxc6 14. fxe5 Qg5 15. Qe2 Bd7 16. Rd1 Be8 17. Rd3 Bg6 18. Qe3 Qe7 19. Rd2 b5 20. b3 bxc4 21. bxc4 Na6 22. Be2 Nb4 23. Qc3 Rab8 24. a3 Na6 25. Rb2 Rxb2 26. Qxb2 Rb8 27. Qd4 c5 28. Qg4 Rb3 29. 0-0 Rxa3 30. Bf3 Rd3 31. Bb7 Rd4 32. Qf3 Nb4 33. Bc8 h6 34. Qh3 Kh7 35. Bxe6 Rd3 36. g3 Re3 37. Nc8 Qc7 38. Rf8 h5 39. Nd6 Rxe5 40. g4 1-0

[Event "Piaui-ch"]
[Site "Teresina"]
[Date "2016.11.26"]
[Round "2"]
[White "Meneses, Lourenco Teixeira D"]
[Black "Amorim, Gidelson Ferreira"]
[Result "0-1"]
[WhiteElo "1956"]
[BlackElo "1979"]
[PlyCount "138"]
[EventDate "2016.11.25"]
[EventType "tourn"]
[EventRounds "9"]
[EventCountry "BRA"]
[SourceTitle "EXT 2018"]
[Source "ChessBase"]
[SourceDate "2017.10.13"]
[SourceVersion "1"]
[SourceVersionDate "2017.10.13"]
[SourceQuality "1"]

1. d4 Nf6 2. Bg5 Ne4 3. Bf4 d5 4. f3 Nf6 5. Bg5 e6 6. e4 Be7 7. e5 Nfd7 8. Be3 c5 9. c3 cxd4 10. cxd4 Qb6 11. Qd2 Nc6 12. Nc3 0-0 13. Bd3 Ndxe5 14. dxe5 d4 15. Bf2 dxc3 16. Qxc3 Qc7 17. 0-0-0 Qxe5 18. Ne2 Qxc3+ 19. Nxc3 Rd8 20. Be4 Bd7 21. h4 f5 22. Bc2 Be8 23. Bb3 Bf7 24. Rhe1 e5 25. Nd5 Bd6 26. a3 Rac8 27. Kb1 b6 28. Rd3 Kf8 29. Red1 Bc5 30. Bxc5+ bxc5 31. Ba4 Nd4 32. Nc3 Ke7 33. Re3 Kf6 34. Rde1 e4 35. fxe4 f4 36. Rd3 Ke5 37. Rd2 h6 38. Nd5 g5 39. Ne7 Ra8 40. Bc6 Rab8 41. Bd5 Be6 42. Rxd4 cxd4 43. Nc6+ Kd6 44. Nxb8 Rxb8 45. Rd1 Bxd5 46. Rxd4 Ke5 47. Rxd5+ Kxe4 48. Rd6 Rb6 49. Rd7 g4 50. Re7+ Kf5 51. Rxa7 f3 52. gxf3 gxf3 53. Ra5+ Kg4 54. Ra8 Rf6 55. Rg8+ Kf4 56. Rg1 f2 57. Rf1 Ke3 58. Kc2 Ke2 59. Rxf2+ Kxf2 60. Kc3 Kg3 61. a4 Kxh4 62. a5 Kg5 63. b4 Ra6 64. Kc4 h5 65. Kb5 Ra8 66. a6 h4 67. Ka5 h3 68. b5 h2 69. b6 h1Q 0-1

[Event "Piaui-ch"]
[Site "Teresina"]
[Date "2016.11.25"]
[Round "1"]
[White "Meneses, Lourenco Teixeira D"]
[Black "Farias, Edilsom"]
[Result "1-0"]
[WhiteElo "1956"]
[BlackElo "1860"]
[PlyCount "81"]
[EventDate "2016.11.25"]
[EventType "tourn"]
[EventRounds "9"]
[EventCountry "BRA"]
[SourceTitle "EXT 2018"]
[Source "ChessBase"]
[SourceDate "2017.10.13"]
[SourceVersion "1"]
[SourceVersionDate "2017.10.13"]
[SourceQuality "1"]

1. d4 Nf6 2. Bg5 c5 3. Bxf6 gxf6 4. dxc5 Qa5+ 5. Nd2 Qxc5 6. Ngf3 f5 7. e3 Bg7 8. c3 Nc6 9. Bd3 e6 10. Qc2 d5 11. 0-0-0 Bd7 12. e4 fxe4 13. Bxe4 dxe4 14. Nxe4 Qe7 15. Nd6+ Kf8 16. Rhe1 Be8 17. h4 Bh6+ 18. Kb1 Bf4 19. Nf5 Qf6 20. Ng3 h5 21. Ne4 Qe7 22. g3 Bh6 23. Qe2 Bg7 24. Nfg5 Rh6 25. f4 Rd8 26. Rc1 Rd5 27. Qf3 Qd7 28. Qf2 f6 29. Nc5 Qc8 30. Ncxe6+ Kg8 31. Nxg7 Kxg7 32. Ne6+ Kh7 33. Qe3 Bg6+ 34. Ka1 Rd3 35. Qc5 b6 36. Qf2 Bf5 37. Nd4 Bd7 38. Nb5 Rd5 39. Na3 Rg6 40. Qf3 Ne7 41. Rxe7+ 1-0

[Event "Luiz Rego Memorial 4th"]
[Site "Teresina"]
[Date "2016.06.25"]
[Round "3"]
[White "Silva Sobrinho, Agostinho Jose"]
[Black "Meneses, Lourenco Teixeira D"]
[Result "1/2-1/2"]
[WhiteElo "2187"]
[BlackElo "1937"]
[PlyCount "61"]
[EventDate "2016.06.24"]
[EventType "swiss"]
[EventRounds "6"]
[EventCountry "BRA"]
[SourceTitle "EXT 2017"]
[Source "ChessBase"]
[SourceDate "2016.10.25"]
[SourceVersion "1"]
[SourceVersionDate "2016.10.25"]
[SourceQuality "1"]

1. d4 d5 2. c4 e6 3. Nc3 Nf6 4. Bg5 Be7 5. e3 0-0 6. Bd3 dxc4 7. Bxc4 b6 8. Nf3 Bb7 9. 0-0 Nbd7 10. Rc1 Ne4 11. Bxe7 Qxe7 12. Qe2 c5 13. Rfd1 Rfd8 14. d5 Nxc3 15. Rxc3 exd5 16. Bxd5 Bxd5 17. Rxd5 Nf6 18. Rd1 Rxd1+ 19. Qxd1 Rd8 20. Rd3 Rxd3 21. Qxd3 Qd7 22. Qxd7 Nxd7 23. Kf1 Kf8 24. Ke2 Ke7 25. Kd3 Kd6 26. g3 b5 27. b3 f5 28. h3 Ne5+ 29. Nxe5 Kxe5 30. f3 g6 31. Kc3 1/2-1/2

[Event "Teresina-ch"]
[Site "Teresina"]
[Date "2016.03.19"]
[Round "3"]
[White "Da Silva, Thiago Alves"]
[Black "Meneses, Lourenco Teixeira D"]
[Result "1-0"]
[WhiteElo "1929"]
[BlackElo "1965"]
[PlyCount "53"]
[EventDate "2016.03.17"]
[EventType "swiss"]
[EventRounds "6"]
[EventCountry "BRA"]
[SourceTitle "EXT 2022"]
[Source "ChessBase"]
[SourceDate "2021.10.06"]
[SourceVersion "1"]
[SourceVersionDate "2021.10.06"]
[SourceQuality "1"]

1. e4 e6 2. d4 d5 3. Nd2 c5 4. exd5 Qxd5 5. Ngf3 cxd4 6. Bc4 Qc5 7. 0-0 b5 8. Bd3 Bb7 9. Nb3 Qb6 10. Nbxd4 a6 11. Re1 Nf6 12. Bg5 Be7 13. a4 bxa4 14. c3 Nbd7 15. Rxa4 0-0 16. Qe2 Nc5 17. Rb4 Qc7 18. Bb1 Nd5 19. Bxe7 Qxe7 20. Rc4 a5 21. b4 Na4 22. Qc2 g6 23. Qxa4 Nb6 24. Qb5 Nxc4 25. Qxc4 Rfc8 26. Qb3 Bd5 27. Qxd5 1-0